02110nam a22004574a 4500001001200000003000800012006001900020007001500039008004100054010001700095020002700112020002700139020002300166040002100189035002000210050002300230082001600253245013700269246005800406260004200464300002500506490003300531500006400564500022000628504005100848533015200899610006401051650003801115650003301153650005001186651005901236651005501295655002901350700002201379700003201401710001701433711002301450830003401473856012601507999001901633ebr10103931CaPaEBRm u cr cn|||||||||050902s2006 dcua sb i001 0 eng  z 2005044619 z0821360639 (softcover) z0821363751 (hardcover) z0821360647 (eISBN) aCaPaEBRcCaPaEBR a(OCoLC)6272781614aHD87b.E255 2006eb04a382/.9222200aEconomic development and multilateral trade cooperationh[electronic resource] /cedited by Simon J. Evenett and Bernard M. Hoekman.3 aEconomic development & multilateral trade cooperation aWashington, DC :bWorld Bank,cc2006. axliv, 477 p. :bill.1 aTrade and development series a"A copublication of Palgrave Macmillan and the World Bank." a"Most of the chapters ... were initially prepared for the 2003 World Trade Forum conference organized by the World Trade Institute (Berne, Switzerland) and the Development Research Group of the World Bank"--P. xiii. aIncludes bibliographical references and index. aElectronic reproduction.bPalo Alto, Calif. :cebrary,d2013.nAvailable via World Wide Web.nAccess may be limited to ebrary affiliated libraries.20aWorld Trade OrganizationzDeveloping countriesvCongresses. 0aEconomic developmentvCongresses. 0aEconomic policyvCongresses. 0aInternational economic relationsvCongresses. 0aDeveloping countriesxEconomic conditionsvCongresses. 0aDeveloping countriesxEconomic policyvCongresses. 7aElectronic books.2local1 aEvenett, Simon J.1 aHoekman, Bernard M.,d1959-2 aebrary, Inc.2 aWorld Trade Forum. 0aTrade and development series.40uhttp://site.ebrary.com/lib/rucke/Doc?id=10103931zAn electronic book accessible through the World Wide Web; click to view c206538d206538